Daně v Evropské unii : daňové systémy členských států EU, legislativní základy daňové harmonizace v EU /

Hlavní autor: Široký, Jan, 1964-2020
Jazyk: Čeština
Vydáno: Praha : Linde, 2006
Edice: Praktické ekonomické příručky
Témata:
Fyzický popis: 250 s. ; 21 cm
Knihy
Uloženo v:
LEADER 01555cam a2200421 a 4500
001 nkc20061654561
003 CZ PrNK
005 20060704093909.0
007 ta
008 060411s2006 xr e f 000 0 cze d
015 |a cnb001654561 
020 |a 80-7201-593-1  |q (brož.) 
035 |a (OCoLC)85547309 
040 |a KLG001  |b cze  |d BOA001  |d ABA001 
043 |a e------ 
072 7 |a 336.1/.5  |x Veřejné finance  |2 Konspekt  |9 4 
080 |a 336.22:339.972  |2 MRF 
080 |a 336.221.4  |2 MRF 
080 |a (4)  |2 MRF 
080 |a (035)  |2 MRF 
100 1 |a Široký, Jan,  |d 1964-2020  |7 mzk2003171529  |4 aut 
245 1 0 |a Daně v Evropské unii :  |b daňové systémy členských států EU, legislativní základy daňové harmonizace v EU /  |c Jan Široký 
260 |a Praha :  |b Linde,  |c 2006 
300 |a 250 s. ;  |c 21 cm 
490 1 |a Praktické ekonomické příručky 
504 |a Obsahuje bibliografii a bibliografické odkazy 
650 0 7 |a daňová harmonizace  |7 ph312532  |z země Evropské unie  |2 czenas 
650 0 7 |a daňové systémy  |7 ph119347  |z země Evropské unie  |2 czenas 
650 0 9 |a tax harmonization  |z European Union countries  |2 eczenas 
650 0 9 |a tax systems  |z European Union countries  |2 eczenas 
655 7 |a příručky  |7 fd133209  |2 czenas 
655 9 |a handbooks and manuals  |2 eczenas 
830 0 |a Praktické ekonomické příručky  |0 s 
910 2 |a BOA001  |b 2-1169.478 
990 |a BK 
995 |a 01 
991 |b 200605  |c NOV 
996 6 |b 2610279145  |c 2-1169.478  |l MZK  |r Sklad / do 1 hodiny  |n 4  |p p.v.  |w 000816267  |u 000010  |a 1  |e BOA001  |j MZK50  |s P